[Event "EU-ch Blitz"]
[Site "Katowice"]
[Date "2022.12.16"]
[Round "22"]
[White "Gumula, Daniel"]
[Black "Karas, Marek"]
[Result "1-0"]
[WhiteElo "2146"]
[BlackElo "2240"]
[PlyCount "101"]
[EventDate "2022.12.16"]
[EventType "swiss (blitz)"]
[EventRounds "22"]
[EventCountry "POL"]
[SourceTitle "CBM 211 Extra"]
[Source "ChessBase"]
[SourceDate "2023.01.31"]
[SourceVersion "1"]
[SourceVersionDate "2023.01.31"]
[SourceQuality "1"]

1. d4 Nf6 2. Bg5 e6 3. Nd2 c5 4. c3 h6 5. Bxf6 gxf6 6. e4 b6 7. f4 Bb7 8. Ngf3 Qc7 9. g3 d6 10. Bd3 Nd7 11. a4 a6 12. Qe2 Be7 13. 0-0 d5 14. exd5 Bxd5 15. Bxa6 cxd4 16. cxd4 Kf8 17. Rfc1 Qd6 18. Bb5 Kg7 19. Ne4 Bxe4 20. Qxe4 Rac8 21. Rc6 Rxc6 22. Qxc6 Qxc6 23. Bxc6 Nb8 24. Bb5 Rc8 25. Ne1 f5 26. Kf2 h5 27. Ke3 h4 28. gxh4 Bxh4 29. Nf3 Bf6 30. Ra3 Rc2 31. Rc3 Rxc3+ 32. bxc3 Kf8 33. c4 Ke7 34. h4 Bg7 35. h5 f6 36. c5 bxc5 37. dxc5 Bh6 38. a5 e5 39. a6 Bxf4+ 40. Ke2 Nxa6 41. Bxa6 Ke6 42. Bc4+ Kd7 43. Bd5 Bh6 44. Nh4 f4 45. Kf3 Bf8 46. c6+ Kd6 47. Ke4 Kc7 48. Nf5 Kb6 49. h6 Bxh6 50. Nxh6 Kc7 51. Nf5 1-0

[Event "POL-chT 1st League"]
[Site "Sypniewo"]
[Date "2022.09.03"]
[Round "1.9"]
[White "Poltorak, Sebastian"]
[Black "Gumula, Daniel"]
[Result "1-0"]
[WhiteElo "2321"]
[BlackElo "2192"]
[PlyCount "45"]
[EventDate "2022.09.03"]
[EventType "team-swiss"]
[EventRounds "9"]
[EventCountry "POL"]
[SourceTitle "CBM 210 Extra"]
[Source "ChessBase"]
[SourceDate "2022.11.30"]
[SourceVersion "1"]
[SourceVersionDate "2022.11.30"]
[SourceQuality "1"]
[WhiteTeam "Opole Rodlo"]
[BlackTeam "Jaworzno"]
[WhiteTeamCountry "POL"]
[BlackTeamCountry "POL"]

1. d4 g6 2. c4 Bg7 3. Nc3 c5 4. d5 d6 5. e4 e6 6. Bd3 a6 7. Nge2 Ne7 8. dxe6 fxe6 9. Bg5 Nbc6 10. Qd2 h6 11. Be3 Nd4 12. 0-0 e5 13. f4 Bg4 14. fxe5 Bxe2 15. Bxe2 Bxe5 16. Bg4 Bg7 17. Rae1 Nec6 18. Kh1 b6 19. Nd5 Ra7 20. Bh3 Ne5 21. Bxd4 cxd4 22. Qd1 Nxc4 23. Qg4 1-0

[Event "POL-chT 2nd League"]
[Site "Jastrzebia Gora"]
[Date "2019.09.15"]
[Round "9.18"]
[White "Sowul, Bartosz"]
[Black "Gumula, Daniel"]
[Result "1-0"]
[WhiteElo "2221"]
[BlackElo "2193"]
[PlyCount "65"]
[EventDate "2019.09.07"]
[EventType "team-swiss"]
[EventRounds "9"]
[EventCountry "POL"]
[SourceTitle "EXT 2020"]
[Source "ChessBase"]
[SourceDate "2019.10.17"]
[SourceVersion "1"]
[SourceVersionDate "2019.10.17"]
[SourceQuality "1"]
[WhiteTeam "Warszawa Mogalo"]
[BlackTeam "Jaworzno"]
[WhiteTeamCountry "POL"]
[BlackTeamCountry "POL"]

1. Nf3 Nf6 2. c4 Nc6 3. d4 d6 4. g3 Bg4 5. Bg2 g6 6. h3 Bxf3 7. Bxf3 Bg7 8. 0-0 0-0 9. Nc3 Nd7 10. e3 e5 11. d5 Ne7 12. Bg2 h6 13. Rb1 f5 14. f4 g5 15. Qc2 Rf7 16. b4 Nf8 17. c5 Nfg6 18. fxe5 Bxe5 19. Ne2 Qf8 20. Rb3 h5 21. Bb2 Qh6 22. Bxe5 Nxe5 23. Nd4 h4 24. Nxf5 Nxf5 25. Rxf5 Raf8 26. e4 Rxf5 27. exf5 g4 28. Qf2 Qg5 29. gxh4 Qc1+ 30. Kh2 Kh8 31. Rg3 Qd1 32. Qf4 Kh7 33. hxg4 1-0

[Event "Katowice POL-HUN 6th"]
[Site "Katowice"]
[Date "2018.05.05"]
[Round "5"]
[White "Gumula, Daniel"]
[Black "Klekowski, Maciej"]
[Result "0-1"]
[WhiteElo "2218"]
[BlackElo "2509"]
[PlyCount "64"]
[EventDate "2018.05.05"]
[EventType "swiss (rapid)"]
[EventRounds "9"]
[EventCountry "POL"]
[SourceTitle "CBM 184 Extra"]
[Source "ChessBase"]
[SourceDate "2018.06.28"]
[SourceVersion "1"]
[SourceVersionDate "2018.06.28"]
[SourceQuality "1"]

1. b3 Nf6 2. Bb2 d5 3. f4 c5 4. e3 Nc6 5. Nf3 a6 6. g3 g6 7. Bg2 Bg7 8. 0-0 0-0 9. Ne5 Bd7 10. Qf3 Nb4 11. Na3 Rc8 12. d3 Ng4 13. e4 Nxe5 14. Bxe5 Bxe5 15. fxe5 d4 16. Qf4 Qc7 17. Nc4 Nc6 18. Qh6 Nxe5 19. Rf4 f6 20. Nxe5 Qxe5 21. Bh3 Bxh3 22. Qxh3 Rc7 23. Raf1 b5 24. g4 Kg7 25. Qg3 c4 26. dxc4 bxc4 27. bxc4 Rxc4 28. Qb3 Rfc8 29. R1f2 Rxc2 30. Rxc2 Rxc2 31. Qxc2 Qxf4 32. h3 Qg3+ 0-1

[Event "EU-ch blitz"]
[Site "Katowice"]
[Date "2017.12.15"]
[Round "6"]
[White "Arnaudov, Petar G"]
[Black "Gumula, Daniel"]
[Result "0-1"]
[WhiteElo "2439"]
[BlackElo "2218"]
[PlyCount "101"]
[EventDate "2017.12.15"]
[EventType "swiss (blitz)"]
[EventRounds "22"]
[EventCountry "POL"]
[SourceTitle "CBM 182 Extra"]
[Source "ChessBase"]
[SourceDate "2018.02.23"]
[SourceVersion "1"]
[SourceVersionDate "2018.02.23"]
[SourceQuality "1"]

1. Nf3 e6 2. c4 Nf6 3. g3 b6 4. Bg2 Bb7 5. 0-0 Be7 6. Nc3 0-0 7. Re1 Bb4 8. Qc2 Na6 9. a3 Bxc3 10. Qxc3 Nc5 11. b4 Nce4 12. Qc2 d5 13. d3 Nd6 14. c5 Nf5 15. Bb2 d4 16. Nxd4 Nxd4 17. Bxd4 Qxd4 18. Bxb7 Rab8 19. e3 Qg4 20. Bg2 a5 21. d4 h5 22. Rac1 h4 23. h3 Qg5 24. g4 e5 25. Qf5 Qxf5 26. gxf5 exd4 27. exd4 Rfd8 28. Rcd1 Nd5 29. Re5 Nc3 30. Rc1 Nb5 31. d5 Nxa3 32. bxa5 bxa5 33. Re7 Nb5 34. Ra1 Kf8 35. Re3 Nd4 36. Rxa5 Nxf5 37. Re1 Ne7 38. Rd1 Nc6 39. Ra4 Rb4 40. Rxb4 Nxb4 41. Rd4 Na6 42. d6 cxd6 43. cxd6 Nc5 44. Bc6 Ne6 45. Rd2 Nf4 46. Kh2 f6 47. d7 Ke7 48. Rd4 g5 49. Re4+ Kd6 50. Re8 Ne6 51. Ba4 0-1

[Event "POL-chT 2nd League"]
[Site "Szklarska Poreba"]
[Date "2017.09.06"]
[Round "5.11"]
[White "Gumula, Daniel"]
[Black "Mickiewicz, Piotr"]
[Result "0-1"]
[WhiteElo "2260"]
[BlackElo "2295"]
[PlyCount "74"]
[EventDate "2017.09.02"]
[EventType "team-swiss"]
[EventRounds "9"]
[EventCountry "POL"]
[SourceTitle "CBM 180 Extra"]
[Source "ChessBase"]
[SourceDate "2017.10.06"]
[SourceVersion "1"]
[SourceVersionDate "2017.10.06"]
[SourceQuality "1"]
[WhiteTeam "Jaworzno"]
[BlackTeam "Zielonka Zieloni"]
[WhiteTeamCountry "POL"]
[BlackTeamCountry "POL"]

1. d4 c5 2. d5 g6 3. e4 Bg7 4. Nc3 d6 5. f4 Nf6 6. Bb5+ Nfd7 7. a4 0-0 8. Nf3 Na6 9. 0-0 Nc7 10. Re1 a6 11. Bf1 Rb8 12. e5 b5 13. axb5 axb5 14. Ne4 Nb6 15. Ra7 Nbxd5 16. c4 bxc4 17. Bxc4 Rb7 18. Ra1 Nb6 19. Ba2 Nb5 20. e6 c4 21. exf7+ Rxf7 22. Neg5 Rf8 23. Bxc4+ Nxc4 24. Qd5+ Kh8 25. Qxc4 d5 26. Qe2 Nd4 27. Nxd4 Bxd4+ 28. Be3 Bf6 29. Bc5 Rxb2 30. Qe3 d4 31. Qa3 d3 32. Bxe7 Qd4+ 33. Kh1 Bb7 34. Bxf6+ Qxf6 35. Qe7 Qxe7 36. Rxe7 d2 37. Kg1 Rc8 0-1

[Event "EU-ch blitz"]
[Site "Wroclaw"]
[Date "2014.12.19"]
[Round "2"]
[White "Gumula, Daniel"]
[Black "Vitiugov, Nikita"]
[Result "0-1"]
[WhiteElo "2248"]
[BlackElo "2738"]
[PlyCount "65"]
[EventDate "2014.12.19"]
[EventType "swiss (blitz)"]
[EventRounds "11"]
[EventCountry "POL"]
[SourceTitle "CBM 164 Extra"]
[Source "ChessBase"]
[SourceDate "2015.03.02"]
[SourceVersion "1"]
[SourceVersionDate "2015.03.02"]
[SourceQuality "1"]

1. d4 Nf6 2. c4 e6 3. Nc3 Bb4 4. Qc2 0-0 5. a3 Bxc3+ 6. Qxc3 b5 7. Qf3 Nc6 8. e3 Bb7 9. cxb5 Nxd4 10. Qd1 Nf5 11. Nf3 Ne4 12. g3 Nfd6 13. a4 Ng5 14. Bg2 Qf6 15. e4 Nxf3+ 16. Bxf3 Bxe4 17. Bxe4 Nxe4 18. 0-0 d5 19. f3 Nd6 20. Be3 Nc4 21. Bd4 e5 22. Bc5 Rfd8 23. b3 Nb6 24. f4 d4 25. Qf3 Nd7 26. Rac1 Qe6 27. f5 Qe8 28. Rfe1 Nxc5 29. Rxc5 Qd7 30. f6 d3 31. Rcxe5 d2 32. Rd1 Re8 33. Qe3 0-1

[Event "POL-chT 2nd League"]
[Site "Szczyrk"]
[Date "2014.09.09"]
[Round "4.20"]
[White "Maciol, Ryszard"]
[Black "Gumula, Daniel"]
[Result "1-0"]
[WhiteElo "2201"]
[BlackElo "2272"]
[PlyCount "53"]
[EventDate "2014.09.06"]
[EventType "team-swiss"]
[EventRounds "9"]
[EventCountry "POL"]
[SourceTitle "EXT 2015"]
[Source "ChessBase"]
[SourceDate "2014.11.20"]
[SourceVersion "1"]
[SourceVersionDate "2014.11.20"]
[SourceQuality "1"]
[WhiteTeam "Mikolow AKS"]
[BlackTeam "Jaworzno JKSz MCKiS"]
[WhiteTeamCountry "POL"]
[BlackTeamCountry "POL"]

1. d4 Nf6 2. c4 e5 3. dxe5 Ng4 4. e4 Nxe5 5. f4 Nec6 6. Be3 a5 7. a3 Na6 8. Nc3 Bc5 9. Qd2 d6 10. Nf3 0-0 11. Be2 f5 12. 0-0 h6 13. Rae1 fxe4 14. Nxe4 Bxe3+ 15. Qxe3 Nc5 16. Nxc5 dxc5 17. Bd3 Nd4 18. Ne5 Bf5 19. Bxf5 Rxf5 20. Qe4 Rf6 21. f5 Rb6 22. Ng4 Nb3 23. f6 Qd4+ 24. Qxd4 Nxd4 25. Re7 gxf6 26. Nxf6+ Kh8 27. Rh7# 1-0

[Event "POL-chT 2nd League"]
[Site "Szczyrk"]
[Date "2014.09.08"]
[Round "3.32"]
[White "Gumula, Daniel"]
[Black "Bus, Konrad"]
[Result "1-0"]
[WhiteElo "2272"]
[BlackElo "2016"]
[PlyCount "59"]
[EventDate "2014.09.06"]
[EventType "team-swiss"]
[EventRounds "9"]
[EventCountry "POL"]
[SourceTitle "EXT 2015"]
[Source "ChessBase"]
[SourceDate "2014.11.20"]
[SourceVersion "1"]
[SourceVersionDate "2014.11.20"]
[SourceQuality "1"]
[WhiteTeam "Jaworzno JKSz MCKiS"]
[BlackTeam "Wieliczka MKS MOS"]
[WhiteTeamCountry "POL"]
[BlackTeamCountry "POL"]

1. d4 d5 2. c4 c6 3. Nc3 Nf6 4. Nf3 dxc4 5. Ne5 b5 6. g3 Nfd7 7. f4 Nxe5 8. fxe5 Be6 9. a3 g6 10. Bg2 Bg7 11. Nxb5 0-0 12. Nc3 f6 13. e4 fxe5 14. d5 Qb6 15. Rf1 Rxf1+ 16. Kxf1 Bf7 17. Qe2 cxd5 18. exd5 Nd7 19. Be3 Qa6 20. Kg1 Rd8 21. Rd1 Nb6 22. Bc5 Nc8 23. b3 Qa5 24. Qxc4 Nd6 25. Qb4 Qc7 26. Nb5 Nxb5 27. Qxb5 Bf6 28. b4 Kg7 29. Be4 h5 30. Be3 1-0

[Event "POL-chT2"]
[Site "Poronin"]
[Date "2013.09.11"]
[Round "5.22"]
[White "Gumula, Daniel"]
[Black "Plichta, Kamil"]
[Result "1-0"]
[WhiteElo "2271"]
[BlackElo "2227"]
[PlyCount "96"]
[EventDate "2013.09.06"]
[EventType "team-swiss"]
[EventRounds "9"]
[EventCountry "POL"]
[SourceTitle "EXT 2015"]
[Source "ChessBase"]
[SourceDate "2014.11.20"]
[SourceVersion "1"]
[SourceVersionDate "2014.11.20"]
[SourceQuality "1"]
[WhiteTeam "Jaworzno JKSz MCKiS"]
[BlackTeam "Gostynin Gostmat 83"]
[WhiteTeamCountry "POL"]
[BlackTeamCountry "POL"]

1. e4 c5 2. b3 g6 3. Bb2 Nf6 4. g4 Bg7 5. Bg2 0-0 6. h3 d5 7. exd5 Nxd5 8. Bxg7 Kxg7 9. Qf3 Be6 10. Nc3 Nb4 11. Qxb7 N8c6 12. Bxc6 Nxc2+ 13. Ke2 Rb8 14. Qxa7 Qd6 15. Be4 Nxa1 16. Nf3 f5 17. gxf5 gxf5 18. Rxa1 fxe4 19. Nxe4 Qd5 20. Qxe7+ Kh8 21. d3 Rbe8 22. Qd6 Qxd6 23. Nxd6 Bg4+ 24. Nxe8 Rxe8+ 25. Kd2 Bxf3 26. Kc3 Bg2 27. h4 Rd8 28. a4 Rd4 29. a5 Rxh4 30. a6 Rd4 31. Ra5 Rd8 32. Rxc5 Bf1 33. a7 Bxd3 34. Rd5 Ra8 35. Kxd3 Rxa7 36. b4 Kg7 37. b5 Ra2 38. f4 Rf2 39. Rd4 Rb2 40. Kc4 h5 41. f5 Kf6 42. Rf4 Ke5 43. Rf1 Kd6 44. f6 Rc2+ 45. Kd4 Rc8 46. b6 Rf8 47. b7 h4 48. f7 Kc7 1-0

[Event "POL-chT2"]
[Site "Poronin"]
[Date "2013.09.10"]
[Round "4.34"]
[White "Zurkowski, Andrzej"]
[Black "Gumula, Daniel"]
[Result "0-1"]
[WhiteElo "2003"]
[BlackElo "2271"]
[PlyCount "96"]
[EventDate "2013.09.06"]
[EventType "team-swiss"]
[EventRounds "9"]
[EventCountry "POL"]
[SourceTitle "EXT 2015"]
[Source "ChessBase"]
[SourceDate "2014.11.20"]
[SourceVersion "1"]
[SourceVersionDate "2014.11.20"]
[SourceQuality "1"]
[WhiteTeam "Debica Gryf"]
[BlackTeam "Jaworzno JKSz MCKiS"]
[WhiteTeamCountry "POL"]
[BlackTeamCountry "POL"]

1. Nf3 d5 2. d4 g6 3. g3 Bg7 4. Bg2 c6 5. 0-0 Nd7 6. c4 Ngf6 7. cxd5 Nxd5 8. e4 N5b6 9. Nc3 0-0 10. Qe2 c5 11. d5 Ne5 12. Nxe5 Bxe5 13. Be3 Bd7 14. Rac1 Rc8 15. Rfd1 a6 16. f4 Bd4 17. Bxd4 cxd4 18. Rxd4 Na4 19. Rd2 Qa5 20. Qe3 Nxc3 21. bxc3 Qa3 22. Rf2 Rc7 23. Qd2 Rfc8 24. Rf3 b5 25. Re3 Rc4 26. Bf1 Ra4 27. Rc2 Qc5 28. Kg2 Ra3 29. Kf3 h5 30. h3 f5 31. e5 Be8 32. c4 Ra4 33. Rec3 Rd8 34. cxb5 Ra3 35. Qe3 Qxd5+ 36. Kf2 Rxc3 37. Qxc3 Bxb5 38. Bg2 Qd1 39. a4 Bxa4 40. Qc4+ Kg7 41. Rb2 Bb5 42. Qb4 Kh6 43. g4 fxg4 44. hxg4 Qxg4 45. Bf3 Qh3 46. Rb3 Qf1+ 47. Kg3 Qg1+ 48. Bg2 Bc6 0-1